Estudio de pre-factibilidad para el establecimiento de una plantación de madera preciosa en la finca Santa Apolonia, ubicada en la comarca La Ceiba departamento de León
Estudio de pre-factibilidad para el establecimiento de una plantación de madera preciosa en la Finca Santa Apolonia, León. Este estudio pretende contribuir a plantaciones forestales como alternativa para mitigar aumento de la deforestación por expansión de la frontera agrícola y la lenta refore...
| Main Authors: | , |
|---|---|
| Other Authors: | |
| Format: | Tesis Section = Libro |
| Language: | Undetermined Spanish |
| Published: |
Managua
UNI
2018
|
| Subjects: |
| LEADER | 01529nam a2200277Ia 4500 | ||
|---|---|---|---|
| 008 | 240830s9999 xx 000 0 und d | ||
| 040 | |a BIBLIOTECA-RUSB/ M.Mon 333.7512 E77 | ||
| 041 | |a spa | ||
| 082 | |a M.Mon 333.7512 E77 | ||
| 100 | 1 | |a Espinales Chiong, Carlos José | |
| 100 | 1 | |b Guevara Chamorro, Daniela Esther | |
| 245 | 1 | 0 | |a Estudio de pre-factibilidad para el establecimiento de una plantación de madera preciosa en la finca Santa Apolonia, ubicada en la comarca La Ceiba departamento de León |
| 260 | |a Managua |b UNI |c 2018 | ||
| 300 | |a 202 p. :il. | ||
| 500 | |a Contiene: anexos. | ||
| 502 | |a Tesis (Máster en Gerencia de Proyectos de Desarrollo) - UNI, 2018. | ||
| 520 | 3 | |a Estudio de pre-factibilidad para el establecimiento de una plantación de madera preciosa en la Finca Santa Apolonia, León. Este estudio pretende contribuir a plantaciones forestales como alternativa para mitigar aumento de la deforestación por expansión de la frontera agrícola y la lenta reforestación en la zona del pacifico. Y el propósito es proteger ecosistemas sociales, salvaguardar los reservorios de abastecimiento de agua, y mitigar la contaminación del aire producto del dióxido de carbono y la erosión eólica. | |
| 650 | 7 | |a TIERRAS FORESTALES | |
| 650 | 7 | |b PLANTACION DE MADERAS PRECIOSAS | |
| 650 | 7 | |c ESTUDIO DE FACTIBILIDAD | |
| 650 | 7 | |d ESTUDIO DE MERCADO | |
| 650 | 7 | |e EVALUACION AMBIENTAL | |
| 700 | 1 | |a Tutor: |b Vega Rodríguez, Roger | |
| 942 | |c BK |2 ddc | ||
| 991 | |a TESIS | ||
| 999 | |c 19240 | ||